[Event "Rohde op 12th"]
[Site "Sautron"]
[Date "2012.11.??"]
[Round "3"]
[White "Jaouen, Valentin"]
[Black "Le Baut, Daniel"]
[Result "1-0"]
[WhiteElo "1977"]
[BlackElo "1562"]
[PlyCount "55"]
[EventDate "2012.10.27"]
[EventType "swiss"]
[EventRounds "9"]
[EventCountry "FRA"]
[SourceTitle "EXT 2014"]
[Source "ChessBase"]
[SourceDate "2013.11.20"]
[SourceVersion "1"]
[SourceVersionDate "2013.11.20"]
[SourceQuality "1"]

1. e4 c5 2. Nf3 Nc6 3. d4 cxd4 4. Nxd4 Nf6 5. Nc3 e6 6. Nf3 d6 7. Bg5 Be7 8. Qd2 a6 9. 0-0-0 b5 10. Nd4 Bb7 11. f3 Rc8 12. Nxc6 Bxc6 13. Ne2 d5 14. e5 Nd7 15. Bxe7 Qxe7 16. f4 Nc5 17. Nd4 Ne4 18. Qe3 0-0 19. Bd3 Nc5 20. g4 Nxd3+ 21. Rxd3 Bb7 22. f5 Rfe8 23. Re1 Qb4 24. f6 g6 25. Qh6 Qf8 26. Qf4 Rc7 27. Rh3 h5 28. gxh5 1-0

[Event "Rohde op 12th"]
[Site "Sautron"]
[Date "2012.11.??"]
[Round "5"]
[White "Rate, Bruno"]
[Black "Le Baut, Daniel"]
[Result "1-0"]
[WhiteElo "2077"]
[BlackElo "1562"]
[PlyCount "87"]
[EventDate "2012.10.27"]
[EventType "swiss"]
[EventRounds "9"]
[EventCountry "FRA"]
[SourceTitle "EXT 2014"]
[Source "ChessBase"]
[SourceDate "2013.11.20"]
[SourceVersion "1"]
[SourceVersionDate "2013.11.20"]
[SourceQuality "1"]

1. d4 d5 2. Nf3 Nf6 3. c4 e6 4. Nc3 Be7 5. Bf4 0-0 6. e3 c6 7. Rc1 Nbd7 8. Bd3 dxc4 9. Bxc4 Nd5 10. Bg3 Nxc3 11. bxc3 Nf6 12. Bd3 b6 13. 0-0 Bb7 14. Ne5 c5 15. Qe2 Nd7 16. Nf3 Nf6 17. e4 c4 18. Bb1 b5 19. Rfe1 Nh5 20. Be5 f6 21. Bg3 Nxg3 22. hxg3 Re8 23. Rcd1 Qc7 24. e5 f5 25. g4 fxg4 26. Nh2 g3 27. fxg3 Bd5 28. Rf1 Qb7 29. Rde1 Rf8 30. Qh5 g6 31. Qh3 Rxf1+ 32. Rxf1 Rf8 33. Rxf8+ Bxf8 34. Ng4 Bg7 35. Qh4 Qd7 36. Ne3 Bc6 37. g4 Bf8 38. g5 Be7 39. Ng4 Qe8 40. Nf6+ Bxf6 41. gxf6 Qf7 42. Be4 Bxe4 43. Qxe4 Qe8 44. Qb7 1-0

[Event "Rohde op 07th"]
[Site "Sautron"]
[Date "2007.10.29"]
[Round "4"]
[White "Savalle, Alexandre"]
[Black "Le Baut, Daniel"]
[Result "0-1"]
[WhiteElo "1752"]
[BlackElo "1530"]
[PlyCount "88"]
[EventDate "2007.10.27"]
[EventType "swiss"]
[EventRounds "9"]
[EventCountry "FRA"]
[SourceTitle "EXT 2008"]
[Source "ChessBase"]
[SourceDate "2007.11.25"]
[SourceVersion "1"]
[SourceVersionDate "2007.11.25"]
[SourceQuality "1"]

1. e4 d5 2. exd5 Qxd5 3. Nc3 Qa5 4. d4 Nf6 5. Bd2 c6 6. Nf3 Bf5 7. Bc4 e6 8. Nd5 Qd8 9. Nxf6+ Qxf6 10. 0-0 Nd7 11. Re1 h6 12. Bc3 Qd8 13. d5 cxd5 14. Qxd5 Be7 15. Qxb7 0-0 16. Rad1 Nc5 17. Rxd8 Nxb7 18. Rd7 Nd6 19. Bb3 Nc8 20. Nd4 Bf6 21. Bb4 Nb6 22. Bxf8 Nxd7 23. Nxf5 Nxf8 24. Ne3 Bxb2 25. c4 Nd7 26. Rb1 Ba3 27. Nc2 Bc5 28. Rd1 Ne5 29. h3 Kf8 30. Nd4 a5 31. a4 Ke7 32. Kf1 Rd8 33. f4 Rxd4 34. Rxd4 Bxd4 35. fxe5 Bxe5 36. Ke2 Kd6 37. Ke3 Kc5 38. Kd3 g5 39. Bd1 f5 40. Bf3 Kb4 41. Bc6 Kc5 42. Bd7 Kd6 43. Bb5 Bg3 44. Kd4 e5+ 0-1

[Event "Gorges op 17th"]
[Site "Gorges"]
[Date "2007.??.??"]
[Round "1"]
[White "Gallant, Jeremy"]
[Black "Le Baut, Daniel"]
[Result "1-0"]
[WhiteElo "1680"]
[BlackElo "1510"]
[PlyCount "59"]
[EventDate "2007.07.08"]
[EventType "swiss"]
[EventRounds "7"]
[EventCountry "FRA"]
[SourceTitle "CBM 119 Extra"]
[Source "ChessBase"]
[SourceDate "2007.09.04"]
[SourceVersion "1"]
[SourceVersionDate "2007.09.04"]
[SourceQuality "1"]

1. e4 d5 2. exd5 Qxd5 3. Nc3 Qa5 4. d4 Nf6 5. Nf3 Bf5 6. Bd3 Bxd3 7. Qxd3 e6 8. Qb5+ Qxb5 9. Nxb5 Na6 10. Bf4 0-0-0 11. Nxa7+ Kb8 12. Nb5 Nd5 13. Bg3 f6 14. 0-0 Bd6 15. Nxd6 cxd6 16. c4 Ndc7 17. a3 Rd7 18. b4 Ka7 19. b5 Nb8 20. Rab1 b6 21. a4 e5 22. a5 Ne6 23. axb6+ Kxb6 24. Rfd1 Rc8 25. Rbc1 Rdc7 26. dxe5 Rxc4 27. Rxc4 Rxc4 28. exf6 gxf6 29. Rxd6+ Kxb5 30. Rxe6 1-0

[Event "Gorges op 17th"]
[Site "Gorges"]
[Date "2007.??.??"]
[Round "4"]
[White "Le Baut, Daniel"]
[Black "Lagarde, Marc"]
[Result "0-1"]
[WhiteElo "1510"]
[BlackElo "1620"]
[PlyCount "66"]
[EventDate "2007.07.08"]
[EventType "swiss"]
[EventRounds "7"]
[EventCountry "FRA"]
[SourceTitle "CBM 119 Extra"]
[Source "ChessBase"]
[SourceDate "2007.09.04"]
[SourceVersion "1"]
[SourceVersionDate "2007.09.04"]
[SourceQuality "1"]

1. e4 e5 2. Nf3 Nc6 3. d4 exd4 4. Bc4 Bb4+ 5. c3 dxc3 6. 0-0 d6 7. a3 Ba5 8. b4 Bb6 9. Nxc3 Bg4 10. h3 Bh5 11. g4 Bg6 12. Bg5 f6 13. Bf4 Ne5 14. Bd5 Rb8 15. Nxe5 fxe5 16. Bg3 h5 17. Kg2 Bd4 18. Rc1 Qd7 19. f4 c6 20. f5 Bf7 21. Be6 Bxe6 22. fxe6 Qxe6 23. Qf3 Qf6 24. Qe2 Qe6 25. g5 Ne7 26. h4 Kd7 27. b5 Rhf8 28. bxc6+ bxc6 29. Rxf8 Rxf8 30. Qa6 Rb8 31. Ne2 Rb2 32. Kf1 Qh3+ 33. Ke1 Qh1+ 0-1